000 00642nam a22001817a 4500
005 20251108175955.0
008 250721s2024 xx 000 0 ara d
082 1 4 _a956.08/حرا
100 1 _aالحراصي، حاتم بن حمود
245 1 0 _aالتنظيمات العثمانية و أثرها في الاوضاع الادارية في ولاية الحجاز /
264 1 _aدمشق :
_bنور حوران للدراسات،
_c2024.
300 _a368ص.
650 1 7 _aالدولة العثمانية
650 1 7 _aالاصلاح الاداري
650 1 7 _aالتاريخ العربي
942 _2ddc
_cBK
999 _c146789
_d146789